El crimen de Javerne (Record no. 68759)

MARC details
000 -LEADER
campo de control de longitud fija 00547nam a2200157 i 4500
001 - NÚMERO DE CONTROL
campo de control 68759
003 - IDENTIFICADOR DE NÚMERO DE CONTROL
campo de control ES-MaACL
005 - FECHA Y HORA DE LA ÚLTIMA TRANSACCIÓN
campo de control 20230906170344.0
007 - CAMPO FIJO DE DESCRIPCIÓN FÍSICA--INFORMACIÓN GENERAL
campo de control de longitud fija t|
008 - DATOS DE LONGITUD FIJA--INFORMACIÓN GENERAL
campo de control de longitud fija 040707s1886 sp ||||1| spa d
100 1# - ENTRADA PRINCIPAL--NOMBRE DE PERSONA
Nombre de persona Malvar, Eduardo.
9 (RLIN) 75887
245 13 - MENCIÓN DEL TÍTULO
Título El crimen de Javerne
Resto del título : drama en cuatro actos y en prosa /
Mención de responsabilidad, etc. de ... Eduardo Malvar y Benito Chas de Lamotte.
260 ## - PUBLICACIÓN, DISTRIBUCIÓN, ETC.
Lugar de publicación, distribución, etc. Madrid :
Nombre del editor, distribuidor, etc. [s.n.],
Fecha de publicación, distribución, etc. 1886 (
Fabricante Imp. de José Rodríguez)
700 1# - ENTRADA AGREGADA--NOMBRE PERSONAL
Nombre de persona Chas de Lamotte, Benito.
9 (RLIN) 38146
852 ## - LOCALIZACIÓN
Ubicación ES-MaACL
Número de control de estantería D-2521(2)
condición física . - Encuadernado con otras obras
Holdings
Estatus retirado Estado de pérdida Estado de daño No para préstamo Colección Biblioteca de origen Biblioteca actual Ubicación en estantería Fecha de adquisición Fuente de adquisición Total de préstamos Signatura topográfica completa Código de barras Visto por última vez Precio de reemplazo Tipo de ítem Koha
        Libros del s. XIX Biblioteca del Ateneo de Madrid Biblioteca del Ateneo de Madrid Sala Valle Inclán 17/01/2008     D-2521(2) 901071992 23/02/2023 23/02/2023 Libro impreso antiguo